| Tag |
First Indicator |
Second Indicator |
Subfields |
| LEADER |
00000cam a2200000 a 4500 |
| 001 |
in00002782662 |
| 005 |
20211120170431.0 |
| 006 |
m o d f |
| 007 |
cr mn||||||||| |
| 008 |
121106s2012 dcu obs f000 0 eng c |
| 035 |
|
|
|a (OCoLC)ocn816100874
|
| 042 |
|
|
|a pcc
|
| 043 |
|
|
|a n-us---
|
| 040 |
|
|
|a GPO
|b eng
|c GPO
|d OCLCA
|d OCLCF
|d OCLCO
|d OCLCQ
|d OCLCO
|d GPO
|d MvI
|
| 049 |
|
|
|a WWW
|
| 074 |
|
|
|a 0717 (online)
|
| 086 |
0 |
|
|a J 1.2:SE 9/8
|z J 1.2:SE 9/7
|
| 110 |
1 |
|
|a United States.
|b Department of Justice.
|b Review Panel on Prison Rape.
|
| 245 |
1 |
0 |
|a Report on sexual victimization in prisons and jails /
|c Department of Justice, Review Panel on Prison Rape.
|
| 264 |
|
1 |
|a Washington, DC :
|b Review Panel on Prison Rape, U.S. Dept. of Justice,
|c [2012]
|
| 300 |
|
|
|a 1 online resource (vii, 88 pages)
|
| 336 |
|
|
|a text
|b txt
|2 rdacontent
|
| 337 |
|
|
|a computer
|b c
|2 rdamedia
|
| 338 |
|
|
|a online resource
|b cr
|2 rdacarrier
|
| 500 |
|
|
|a Title from PDF title screen (viewed Oct. 2, 2012).
|
| 500 |
|
|
|a "April 2012."
|
| 504 |
|
|
|a Includes bibliographical references.
|
| 650 |
|
0 |
|a Prisoners
|x Sexual behavior
|z United States
|v Statistics.
|
| 650 |
|
0 |
|a Prisoners
|x Legal status, laws, etc.
|z United States
|v Statistics.
|
| 650 |
|
0 |
|a Rape victims
|z United States
|v Statistics.
|
| 650 |
|
0 |
|a Prison violence
|z United States
|v Statistics.
|
| 610 |
1 |
0 |
|a United States.
|t Prison Rape Elimination Act of 2003.
|
| 650 |
|
0 |
|a Correctional institutions
|z United States
|v Statistics.
|
| 650 |
|
0 |
|a Prisons
|z United States
|v Statistics.
|
| 630 |
0 |
7 |
|a Prison Rape Elimination Act of 2003 (United States)
|2 fast
|0 (OCoLC)fst01916298
|
| 650 |
|
7 |
|a Correctional institutions.
|2 fast
|0 (OCoLC)fst00880178
|
| 650 |
|
7 |
|a Prison violence.
|2 fast
|0 (OCoLC)fst01077093
|
| 650 |
|
7 |
|a Prisoners
|x Legal status, laws, etc.
|2 fast
|0 (OCoLC)fst01077155
|
| 650 |
|
7 |
|a Prisoners
|x Sexual behavior.
|2 fast
|0 (OCoLC)fst01077198
|
| 650 |
|
7 |
|a Prisons.
|2 fast
|0 (OCoLC)fst01077326
|
| 650 |
|
7 |
|a Rape victims.
|2 fast
|0 (OCoLC)fst01090022
|
| 651 |
|
7 |
|a United States.
|2 fast
|0 (OCoLC)fst01204155
|
| 655 |
|
7 |
|a Statistics.
|2 fast
|0 (OCoLC)fst01423727
|
| 856 |
4 |
0 |
|u https://purl.fdlp.gov/GPO/gpo29056
|t 0
|
| 999 |
f |
f |
|s 477e1e37-c8ac-372e-997a-be308b7cda98
|i 78456fe2-8485-3a17-a8f1-fb69f62910d1
|t 0
|
| 952 |
f |
f |
|a Texas A&M University
|b College Station
|c Electronic Resources
|d Available Online
|t 0
|e J 1.2:SE 9/7
|h Superintendent of Documents classification
|
| 998 |
f |
f |
|a J 1.2:SE 9/7
|t 0
|l Available Online
|